00385nam a2200145Ia 4500008004100000020001800041041000800059082002000067100001500087245007100102260002700173300000800200365001600208700001500224230718s9999 xx 000 0 und d a9789350291733 aeng a330.9'0511bRAJ aRajan R.G. aFault LinesbHow Hidden Fractures Still Threaten The World Economy c2011bCollins Business a354 cRs.b399.00 aRajan R.G.